000 00246nam a22001097a 4500
999 _c260619
_d260618
020 _a0439343887
100 _aBen M. Baglio
245 _aAnimal Ark: Pony in a Package
260 _aNew York
_bScholastic
_c1999
300 _a141 pgs
942 _cBK